[Event "ICS rated blitz match"]
[Site "204.178.125.65"]
[Date "2000.10.04"]
[Round "?"]
[White "Hossa"]
[Black "CheckmateJim"]
[Result "1-0"]
[WhiteElo "2597"]
[BlackElo "1940"]
[PlyCount "53"]
[EventDate "2000.??.??"]

1. e4 e5 2. Nf3 Nc6 3. d4 exd4 4. Nxd4 Bc5 5. Be3 Bb6 6. Nc3 Nf6 7. Nxc6 bxc6
8. e5 Bxe3 9. fxe3 Nd5 10. Nxd5 cxd5 11. Qxd5 Rb8 12. Qd4 O-O 13. Bd3 Qg5 14.
O-O Rb6 15. b3 Rh6 16. Rf2 d6 17. exd6 cxd6 18. Raf1 Bb7 19. Bc4 Qh5 20. h3 d5
21. Qxa7 Bc8 22. Be2 Qg6 23. Bd3 f5 24. Qd4 Rxh3 25. Bxf5 Bxf5 26. Qxd5+ Kh8
27. Rxf5 {CheckmateJim resigns} 1-0

[Event "ICS rated blitz match"]
[Site "204.178.125.65"]
[Date "2000.10.04"]
[Round "?"]
[White "Colorado"]
[Black "Hossa"]
[Result "1-0"]
[WhiteElo "2683"]
[BlackElo "2598"]
[PlyCount "113"]
[EventDate "2000.??.??"]

1. e4 e5 2. Nf3 Nc6 3. Bc4 Nf6 4. Ng5 d5 5. exd5 Nd4 6. c3 b5 7. cxd4 bxc4 8.
dxe5 Nxd5 9. Qa4+ Bd7 10. Qxc4 c6 11. Ne4 Be7 12. O-O Nb6 13. Qe2 O-O 14. d3
Bf5 15. Qf3 Bg6 16. Nbc3 Qd4 17. Bf4 Rab8 18. Rab1 Rbd8 19. Rfd1 Nd7 20. Qg3 a6
21. Ne2 Qa4 22. N4c3 Qb4 23. a3 Qb7 24. b4 Rfe8 25. Ne4 Bh5 26. Re1 Nb6 27.
Nf6+ Bxf6 28. exf6 Bg6 29. Bc7 Rc8 30. Bxb6 Qxb6 31. fxg7 Kxg7 32. Qg4 Kg8 33.
Nf4 Qb8 34. h4 Rxe1+ 35. Rxe1 Re8 36. Rxe8+ Qxe8 37. h5 Qe1+ 38. Kh2 Qxf2 39.
hxg6 hxg6 40. Nh3 Qb6 41. Qe4 Qc7+ 42. g3 Qd7 43. Qc4 Qc8 44. Ng5 Qb7 45. Ne4
a5 46. bxa5 Qb2+ 47. Kh3 Qh8+ 48. Kg2 Qb2+ 49. Kf3 Qxa3 50. Ng5 Kg7 51. a6 f6
52. Qf7+ Kh6 53. Qh7+ Kxg5 54. Qh4+ Kf5 55. Qe4+ Kg5 56. Qf4+ Kh5 57. Qh4# {
Hossa checkmated} 1-0

[Event "ICS rated blitz match"]
[Site "204.178.125.65"]
[Date "2000.10.04"]
[Round "?"]
[White "Hossa"]
[Black "kako"]
[Result "1-0"]
[WhiteElo "2586"]
[BlackElo "2058"]
[PlyCount "69"]
[EventDate "2000.??.??"]

1. e4 e5 2. Nf3 d6 3. d4 f5 4. exf5 e4 5. Qe2 d5 6. Ne5 Nf6 7. Bg5 c6 8. Bxf6
Qxf6 9. Qh5+ Ke7 10. Ng6+ hxg6 11. Qxh8 gxf5 12. c3 f4 13. Nd2 Bf5 14. Be2 Nd7
15. O-O-O a5 16. g4 Be6 17. g5 Qxg5 18. Rhg1 Qh6 19. Qxh6 gxh6 20. Bg4 Bf7 21.
Rde1 Nf6 22. Nf3 Nxg4 23. Rxg4 h5 24. Rgg1 a4 25. Ne5 a3 26. Nxf7 Kxf7 27. Rg5
axb2+ 28. Kxb2 Ba3+ 29. Kb3 Be7 30. Rxh5 Kg6 31. Rh3 b5 32. Rg1+ Bg5 33. Rh4
Kf5 34. Rh5 Rh8 35. Rxh8 {kako resigns} 1-0

[Event "ICS rated blitz match"]
[Site "204.178.125.65"]
[Date "2000.10.04"]
[Round "?"]
[White "kako"]
[Black "Hossa"]
[Result "0-1"]
[WhiteElo "2054"]
[BlackElo "2588"]
[PlyCount "58"]
[EventDate "2000.??.??"]

1. e4 e5 2. Nf3 Nc6 3. Bb5 a6 4. Bxc6 dxc6 5. d3 f6 6. Qe2 Be6 7. Be3 Bd6 8. d4
Bg4 9. Nbd2 exd4 10. Bxd4 Ne7 11. h3 Bh5 12. O-O-O O-O 13. g4 Bf7 14. Kb1 Ng6
15. Be3 a5 16. h4 b5 17. h5 Nf4 18. Bxf4 Bxf4 19. Nb3 Bc4 20. Qe1 Qe7 21. Nfd2
Bf7 22. f3 a4 23. Nd4 a3 24. b3 Qe5 25. c3 b4 26. Nc4 Bxc4 27. bxc4 bxc3 28.
Qxc3 Rfb8+ 29. Ka1 Qc5 {kako resigns} 0-1

[Event "ICS rated blitz match"]
[Site "204.178.125.65"]
[Date "2000.10.04"]
[Round "?"]
[White "Hossa"]
[Black "SupermanFN"]
[Result "1-0"]
[WhiteElo "2589"]
[BlackElo "2048"]
[PlyCount "43"]
[EventDate "2000.??.??"]

1. d4 Nf6 2. c4 g6 3. Nc3 Bg7 4. e4 O-O 5. Nf3 d6 6. h3 e5 7. d5 Nh5 8. Bg5 Qe8
9. Nb5 Na6 10. Be3 f5 11. exf5 gxf5 12. Bxa7 e4 13. Nd2 f4 14. Bd4 e3 15. Nb3
exf2+ 16. Kxf2 Ng3 17. Rh2 Nb4 18. Nxc7 Qe4 19. Nxa8 Nc2 20. Bb6 Bg4 21. hxg4
Rxa8 22. Bd3 {SupermanFN resigns} 1-0

[Event "ICS rated blitz match"]
[Site "204.178.125.65"]
[Date "2000.10.04"]
[Round "?"]
[White "Hossa"]
[Black "F22Storm"]
[Result "0-1"]
[WhiteElo "2590"]
[BlackElo "2439"]
[PlyCount "90"]
[EventDate "2000.??.??"]

1. e4 e5 2. Nf3 Nc6 3. Bc4 Bc5 4. c3 Nf6 5. d4 exd4 6. cxd4 Bb4+ 7. Nc3 Nxe4 8.
O-O Bxc3 9. d5 Ne5 10. bxc3 Nxc4 11. Qd4 O-O 12. Qxe4 Nd6 13. Qd3 Re8 14. Ba3
Qf6 15. Rfe1 Rd8 16. Re5 b6 17. Rae1 Bb7 18. c4 Rac8 19. Nd2 h6 20. Qd4 c5 21.
dxc6 dxc6 22. Bxd6 c5 23. Qd3 Bc6 24. Nb3 Rxd6 25. Qe3 Rcd8 26. Qe2 Rd3 27. Re7
Qg5 28. g3 Bf3 29. Re8+ Kh7 30. Qc2 Qg6 31. Rxd8 Rxd8 32. Qc3 Rd3 33. Qc1 Qd6
34. Qc2 g6 35. Nc1 Rd2 36. Qb3 Bg4 37. Qa4 Qf6 38. Nd3 Rxd3 39. Qc2 Qd4 40. Qa4
Rd2 41. Rf1 Bh3 42. Qc2 Rxc2 43. Kh1 Bxf1 44. Kg1 Qxf2+ 45. Kh1 Qxh2# {
Hossa checkmated} 0-1

[Event "ICS Rated blitz match"]
[Site "204.178.125.65"]
[Date "2000.10.04"]
[Round "?"]
[White "Hossa"]
[Black "UltraMaster"]
[Result "1-0"]
[WhiteElo "2557"]
[BlackElo "2602"]
[PlyCount "51"]
[EventDate "2000.??.??"]

1. e4 Nf6 2. e5 Nd5 3. d4 d6 4. Nf3 dxe5 5. Nxe5 Nd7 6. Bc4 Nxe5 7. dxe5 c6 8.
O-O Bf5 9. Bd3 Qd7 10. Bxf5 Qxf5 11. Re1 O-O-O 12. Qe2 e6 13. g4 Qg6 14. h4 Nb4
15. Na3 h5 16. Bg5 Rd5 17. gxh5 Rxh5 18. Qe4 f5 19. Qg2 Bc5 20. Kf1 Rh8 21. Qf3
f4 22. Re2 Qf5 23. Re4 Rd2 24. Rxf4 Qxe5 25. Nc4 Qxf4 26. Qxf4 {
UltraMaster resigns} 1-0

[Event "ICS rated blitz match"]
[Site "204.178.125.65"]
[Date "2000.10.04"]
[Round "?"]
[White "UltraMaster"]
[Black "Hossa"]
[Result "1-0"]
[WhiteElo "2584"]
[BlackElo "2575"]
[PlyCount "73"]
[EventDate "2000.??.??"]

1. e4 e5 2. Nc3 Nf6 3. Nf3 Nc6 4. d4 exd4 5. Nxd4 Bb4 6. Nxc6 bxc6 7. Bd3 d5 8.
e5 Ng4 9. Bf4 d4 10. Qf3 dxc3 11. O-O-O Kf8 12. Bf5 Qe7 13. Bxg4 Bxg4 14. Qxg4
cxb2+ 15. Kb1 Bc3 16. Rd7 Qb4 17. Qf3 Qc4 18. Rxc7 g5 19. e6 gxf4 20. Rxf7+ Ke8
21. Qh5 Qxe6 22. Rxa7+ Kf8 23. Rxa8+ Kg7 24. Ra7+ Kf6 25. Qh6+ Ke5 26. Qg5+ Qf5
27. Re7+ Kd6 28. Qxf5 Kxe7 29. Rd1 Rd8 30. Qe4+ Kf6 31. Rxd8 Kg5 32. Rg8+ Kf6
33. Rf8+ Kg7 34. Qe7+ Kg6 35. Rg8+ Bg7 36. Rxg7+ Kh6 37. Qg5# {Hossa checkmated
} 1-0

[Event "ICS rated standard match"]
[Site "204.178.125.65"]
[Date "2000.10.04"]
[Round "?"]
[White "Valg"]
[Black "Hossa"]
[Result "0-1"]
[WhiteElo "2376"]
[BlackElo "2447"]
[PlyCount "168"]
[EventDate "2000.??.??"]

1. e4 c5 2. Nf3 d6 3. d4 cxd4 4. Nxd4 e5 5. Nb3 Nf6 6. Nc3 Nc6 7. Bc4 Be7 8.
O-O Be6 9. Qe2 Bxc4 10. Qxc4 O-O 11. Be3 Ng4 12. Nd5 Nxe3 13. fxe3 Bh4 14. Rad1
Rc8 15. Nd2 Ne7 16. Qd3 Bg5 17. Rde1 Qd7 18. Nf3 Nxd5 19. exd5 Bf6 20. c4 e4
21. Qxe4 Qa4 22. b3 Qxa2 23. Rb1 Rfe8 24. Qf4 Rcd8 25. Nd4 Qd2 26. Nf5 Be5 27.
Qg4 Kh8 28. Qf3 f6 29. Rbd1 Qc3 30. Rb1 Qc2 31. Rfc1 Qd2 32. Rf1 Rd7 33. Qh3
Rf7 34. Qf3 Qc2 35. Qg4 g6 36. Nh6 Rfe7 37. Qf3 f5 38. Rfc1 Qa2 39. Rf1 b6 40.
Qh3 Bg7 41. Qh4 Qd2 42. Rfe1 Bc3 43. Qf4 Bd4 44. Kh1 Bxe3 45. Qxd6 Kg7 46.
Nxf5+ gxf5 47. Qc6 Bc5 48. Qxe8 Rxe8 49. Rxe8 Qc2 50. Ree1 Bb4 51. Rec1 Qe2 52.
Ra1 Kf6 53. Rd1 Qc2 54. d6 Bd2 55. c5 bxc5 56. d7 Ke7 57. h4 a5 58. Rf1 c4 59.
bxc4 Qxc4 60. g3 Kxd7 61. Rfd1 Qe4+ 62. Kh2 Qe2+ 63. Kh1 Kd6 64. Rab1 a4 65.
Ra1 a3 66. Rg1 Qe3 67. Rg2 Bc3 68. Rd1+ Kc6 69. Rf1 Be5 70. Rxf5 a2 71. Rf1
a1=Q 72. Rxa1 Bxa1 73. Kh2 Qd3 74. Rg1 Bc3 75. Rh1 Be1 76. Rg1 Bf2 77. Rg2 Qf3
78. Kh3 Qf5+ 79. g4 Qf4 80. h5 h6 81. Rxf2 Qxf2 82. g5 Qf3+ 83. Kh4 Kd6 84.
gxh6 Ke6 {Valg resigns} 0-1

[Event "ICS rated blitz match"]
[Site "204.178.125.65"]
[Date "2000.10.04"]
[Round "?"]
[White "brutus"]
[Black "Hossa"]
[Result "0-1"]
[WhiteElo "2212"]
[BlackElo "2559"]
[PlyCount "60"]
[EventDate "2000.??.??"]

1. e4 c5 2. Nf3 d6 3. d4 cxd4 4. Nxd4 e5 5. Nb3 Nf6 6. Nc3 Nc6 7. Bc4 Be7 8.
O-O Be6 9. Bd5 O-O 10. Kh1 Qc7 11. f4 Bg4 12. Qe1 Nxd5 13. Nxd5 Qd8 14. f5 f6
15. Be3 Qd7 16. Rf2 Bd8 17. c3 Ne7 18. Rd2 Qa4 19. Bf2 Bh5 20. Nc1 Nxd5 21.
Rxd5 Bc7 22. b3 Qd7 23. Ne2 Bf7 24. Rd2 Qc6 25. Ng3 Ba5 26. Qe3 Qxc3 27. Rad1
Qxe3 28. Bxe3 Bxd2 29. Rxd2 Rfd8 30. Ne2 d5 {brutus resigns} 0-1

[Event "ICS rated blitz match"]
[Site "204.178.125.65"]
[Date "2000.10.04"]
[Round "?"]
[White "Hossa"]
[Black "brutus"]
[Result "1-0"]
[WhiteElo "2563"]
[BlackElo "2208"]
[PlyCount "165"]
[EventDate "2000.??.??"]

1. e4 e6 2. d4 d5 3. Nc3 Nf6 4. Bd3 dxe4 5. Nxe4 Nxe4 6. Bxe4 Nd7 7. Nf3 Nf6 8.
Bd3 Be7 9. O-O O-O 10. Bg5 b6 11. Re1 Bb7 12. c3 h6 13. Bh4 c5 14. dxc5 Bxc5
15. Qe2 Be7 16. Rad1 Qc7 17. Nd4 Rfe8 18. Bg3 Qc5 19. Ba6 Bxa6 20. Qxa6 Nd5 21.
Be5 Bf6 22. Bxf6 Nxf6 23. Rd2 Qc7 24. Nb5 Qc8 25. Qa4 Qc6 26. Rd6 Qc5 27. Rdd1
Red8 28. Rd4 Rxd4 29. Nxd4 a6 30. Qc6 Qxc6 31. Nxc6 Kf8 32. Rd1 Rc8 33. Nb4 a5
34. Nc2 b5 35. Nd4 b4 36. cxb4 axb4 37. a4 bxa3 38. bxa3 Ra8 39. Ra1 Ra4 40.
Nb5 Nd5 41. Kf1 Ke7 42. Ke2 Kd7 43. g3 Kc6 44. Rb1 Ra5 45. Nd4+ Kd6 46. Ra1 Ra4
47. Nc2 Nc3+ 48. Kd3 Nb5 49. h3 e5 50. Ra2 f5 51. Ra1 Kc5 52. Ra2 Nd4 53. Nxd4
Rxd4+ 54. Kc3 Ra4 55. Kb3 Kb5 56. Re2 e4 57. Rd2 Rc4 58. Rd6 Rc7 59. Rd5+ Rc5
60. Rd7 g5 61. a4+ Kc6 62. Rh7 Kd5 63. Rxh6 Kd4 64. Rd6+ Ke5 65. Rd8 f4 66.
Re8+ Kf5 67. g4+ Kf6 68. Rxe4 Rd5 69. Rc4 Rd2 70. Rc6+ Ke5 71. Rg6 Rxf2 72. a5
Rf3+ 73. Kb4 Rxh3 74. Rxg5+ Ke4 75. a6 Rh8 76. Kc5 f3 77. a7 f2 78. Rf5 Rg8 79.
Rxf2 Ke3 80. Ra2 Ra8 81. Kb6 Kf4 82. Ra4+ Kg5 83. Kb7 {brutus resigns} 1-0

[Event "ICS rated blitz match"]
[Site "204.178.125.65"]
[Date "2000.10.04"]
[Round "?"]
[White "Hossa"]
[Black "brutus"]
[Result "1-0"]
[WhiteElo "2571"]
[BlackElo "2200"]
[PlyCount "39"]
[EventDate "2000.??.??"]

1. e4 e6 2. d4 d5 3. Nc3 Nf6 4. Bd3 dxe4 5. Nxe4 Nbd7 6. Bg5 Be7 7. Nxf6+ Nxf6
8. Nf3 h6 9. Be3 O-O 10. O-O b6 11. Qe2 Bb7 12. Ne5 Qd5 13. f3 Rfd8 14. Nxf7
Kxf7 15. Be4 Qd6 16. Bxb7 Rab8 17. Be4 Nxe4 18. fxe4+ Kg8 19. Qg4 Rf8 20. e5 {
brutus resigns} 1-0

[Event "ICS rated blitz match"]
[Site "204.178.125.65"]
[Date "2000.10.04"]
[Round "?"]
[White "Hossa"]
[Black "valex37"]
[Result "1-0"]
[WhiteElo "2574"]
[BlackElo "2026"]
[PlyCount "47"]
[EventDate "2000.??.??"]

1. e4 d5 2. exd5 Nf6 3. d4 Nxd5 4. c4 Nb6 5. Nf3 Nc6 6. Be2 Bg4 7. d5 Bxf3 8.
gxf3 Ne5 9. Qd4 Ng6 10. Qe4 Qd6 11. Nc3 Qe5 12. c5 Qxe4 13. fxe4 Nd7 14. Nb5
O-O-O 15. c6 bxc6 16. Nxa7+ Kb7 17. Nxc6 Ra8 18. Bd2 e6 19. Na5+ Kb6 20. dxe6
fxe6 21. b4 c5 22. Nc4+ Kc6 23. b5+ Kxb5 24. Ne5+ {valex37 resigns} 1-0

[Event "ICS rated blitz match"]
[Site "204.178.125.65"]
[Date "2000.10.04"]
[Round "?"]
[White "valex37"]
[Black "Hossa"]
[Result "0-1"]
[WhiteElo "2025"]
[BlackElo "2575"]
[PlyCount "48"]
[EventDate "2000.??.??"]

1. d4 Nf6 2. Nf3 c5 3. Bf4 cxd4 4. Qxd4 d6 5. Qd1 e5 6. Bg3 Qb6 7. b3 Ne4 8. c3
Be7 9. e3 Nxg3 10. hxg3 Nd7 11. Be2 O-O 12. Qc2 Nf6 13. g4 Bxg4 14. Nbd2 Qc6
15. Rh4 Qc7 16. Rc1 d5 17. Ng5 Bxe2 18. Kxe2 h6 19. Rch1 Rfd8 20. Rxh6 gxh6 21.
Rxh6 e4 22. f3 Qg3 23. f4 Qxg2+ 24. Kd1 Ng4 {valex37 resigns} 0-1

[Event "ICS rated blitz match"]
[Site "204.178.125.65"]
[Date "2000.10.04"]
[Round "?"]
[White "serg270679"]
[Black "Hossa"]
[Result "0-1"]
[WhiteElo "1973"]
[BlackElo "2576"]
[PlyCount "110"]
[EventDate "2000.??.??"]

1. e4 e5 2. Nf3 Nc6 3. Bb5 a6 4. Ba4 Nf6 5. O-O Be7 6. Re1 b5 7. Bb3 d6 8. c3
O-O 9. d4 Bg4 10. d5 Na5 11. Bc2 c6 12. Nbd2 Rc8 13. h3 Bd7 14. Nf1 cxd5 15.
exd5 Nc4 16. b3 Nb6 17. Ne3 Rxc3 18. Bb2 Rxc2 19. Qxc2 Nbxd5 20. Nxd5 Nxd5 21.
Rad1 Be6 22. Qd2 a5 23. Nh2 Bg5 24. Qe2 Qb8 25. Ng4 Nf4 26. Qf3 Rd8 27. Bc1 Qc8
28. Ne3 Bh4 29. Nf1 Bxh3 30. gxh3 Nxh3+ 31. Kh2 Nxf2 32. Ne3 Nxd1 33. Rxd1 Bg5
34. Nf5 Qc2+ 35. Qg2 Qxg2+ 36. Kxg2 Bxc1 37. Rxc1 Kf8 38. Rc6 d5 39. Nd6 d4 40.
Kf3 d3 41. Ke3 d2 42. Kxd2 Ke7 43. Rc7+ Kxd6 44. Ra7 Rd7 45. Rxa5 Kc5+ 46. Ke3
Kb4 47. Ra8 f6 48. a4 Rf7 49. a5 Kxb3 50. a6 b4 51. a7 Ka3 52. Ke4 b3 53. Kf5
b2 54. Rb8 Rxa7 55. Ke6 Ka2 {serg270679 resigns} 0-1

[Event "ICS rated blitz match"]
[Site "204.178.125.65"]
[Date "2000.10.04"]
[Round "?"]
[White "Hossa"]
[Black "serg270679"]
[Result "1-0"]
[WhiteElo "2577"]
[BlackElo "1972"]
[PlyCount "89"]
[EventDate "2000.??.??"]

1. e4 e6 2. d4 d5 3. Nc3 Nf6 4. Bg5 Bb4 5. e5 h6 6. Bd2 Bxc3 7. bxc3 Ne4 8. Nf3
Nxd2 9. Nxd2 c5 10. Qg4 Qg5 11. Qxg5 hxg5 12. dxc5 Nd7 13. Bb5 O-O 14. Nf3 Nxc5
15. Nxg5 f6 16. exf6 gxf6 17. Nf3 Ne4 18. Bd3 Nxc3 19. Kd2 Na4 20. Nd4 Bd7 21.
h4 Nc5 22. Bg6 Kg7 23. h5 Rh8 24. g4 e5 25. Nf5+ Bxf5 26. Bxf5 Rad8 27. Rad1 e4
28. Ke3 Rd6 29. c4 Nd3 30. cxd5 Re8 31. Be6 Kh6 32. Rd2 Nc5 33. Bf5 Re5 34.
Rhd1 Nd7 35. Kf4 Nc5 36. g5+ Kg7 37. h6+ Kh8 38. g6 Nd3+ 39. Rxd3 exd3 40. g7+
Kg8 41. Rg1 Rxf5+ 42. Kxf5 Rxd5+ 43. Kg6 Rg5+ 44. Rxg5 fxg5 45. h7# {
serg270679 checkmated} 1-0

[Event "ICS rated standard match"]
[Site "204.178.125.65"]
[Date "2000.10.04"]
[Round "?"]
[White "Hossa"]
[Black "BrazilianMaster"]
[Result "0-1"]
[WhiteElo "2460"]
[BlackElo "2625"]
[PlyCount "90"]
[EventDate "2000.??.??"]

1. e4 c5 2. Nf3 e6 3. d4 cxd4 4. Nxd4 Nc6 5. Nb5 d6 6. c4 Nf6 7. N1c3 a6 8. Na3
b6 9. g4 h6 10. Bg2 Bb7 11. Be3 Rc8 12. Na4 Ne5 13. Bxb6 Qe7 14. f3 d5 15. cxd5
exd5 16. O-O dxe4 17. fxe4 Nexg4 18. h3 Ne5 19. Be3 Bxe4 20. Nb6 Rc6 21. Bxe4
Nxe4 22. Qd5 Rg6+ 23. Kh1 Ng3+ 24. Kh2 Ng4+ 25. hxg4 Nxf1+ 26. Kh1 Qh4+ 27. Kg1
Qh2+ 28. Kxf1 Rf6+ 29. Qf5 Rxf5+ 30. gxf5 Qh1+ 31. Ke2 Qxa1 32. Nac4 Qxa2 33.
Bd4 h5 34. Ne3 h4 35. f6 g5 36. Be5 h3 37. Nbd5 h2 38. Bxh2 Rxh2+ 39. Kf3 Qxb2
40. Nc7+ Kd7 41. Ne6 Qe2+ 42. Ke4 Rh4+ 43. Nf4 Rxf4+ 44. Ke5 Qxe3+ 45. Kd5 Rd4#
{Hossa checkmated} 0-1

[Event "ICS rated standard match"]
[Site "204.178.125.65"]
[Date "2000.10.04"]
[Round "?"]
[White "BrazilianMaster"]
[Black "Hossa"]
[Result "1/2-1/2"]
[WhiteElo "2634"]
[BlackElo "2451"]
[PlyCount "76"]
[EventDate "2000.??.??"]

1. d4 d5 2. c4 e6 3. Nf3 dxc4 4. Qa4+ Nc6 5. Qxc4 Nf6 6. Bg5 h6 7. Bxf6 Qxf6 8.
Nc3 Bd7 9. e4 O-O-O 10. Rc1 g5 11. h3 Qf4 12. Nd2 Be8 13. g3 Qf6 14. d5 Ne5 15.
Qb3 h5 16. Be2 Bc5 17. Rf1 g4 18. Nd1 Bd4 19. f4 gxf3 20. Nxf3 Nxf3+ 21. Rxf3
Qe5 22. dxe6 fxe6 23. Nf2 Rg8 24. Kf1 Rd6 25. Bc4 Rb6 26. Qd3 Bxf2 27. Kxf2
Rxg3 28. Rxg3 Qf4+ 29. Qf3 Qxc1 30. b3 Qb2+ 31. Kg1 Qxa2 32. Qf8 Qa1+ 33. Kh2
Qb2+ 34. Kh1 Qb1+ 35. Kh2 Qb2+ 36. Kh1 Qb1+ 37. Kh2 Qb2+ 38. Kh1 Qb1+ {
Game drawn by repetition} 1/2-1/2

[Event "ICS rated standard match"]
[Site "204.178.125.65"]
[Date "2000.10.04"]
[Round "?"]
[White "Hossa"]
[Black "BrazilianMaster"]
[Result "1/2-1/2"]
[WhiteElo "2459"]
[BlackElo "2626"]
[PlyCount "79"]
[EventDate "2000.??.??"]

1. e4 c5 2. Nf3 e6 3. d4 cxd4 4. Nxd4 a6 5. Bd3 Nf6 6. O-O d6 7. c4 g6 8. Nc3
Bg7 9. Be3 O-O 10. Rc1 b6 11. Qd2 Ng4 12. Bg5 f6 13. Bh4 Bh6 14. f4 e5 15. Nde2
exf4 16. Nxf4 d5 17. Ncxd5 g5 18. h3 Ne5 19. Nh5 Nxd3 20. Qxd3 gxh4 21. Nhxf6+
Kh8 22. Nh5 Nd7 23. Qd4+ Kg8 24. Rxf8+ Qxf8 25. Rf1 Qc5 26. Ne7+ Qxe7 27. Qd5+
Kh8 28. Qxa8 Qc5+ 29. Kh1 Qxc4 30. Rd1 Bf8 31. b3 Qc5 32. Nf4 Qc2 33. Rf1 Bd6
34. Ne2 Ne5 35. a4 Nd3 36. Rf3 Ne5 37. Rf1 Nd3 38. Rf3 Ne5 39. Rf1 Nd3 40. Rf3
{Game drawn by repetition} 1/2-1/2

[Event "ICS rated standard match"]
[Site "204.178.125.65"]
[Date "2000.10.04"]
[Round "?"]
[White "BrazilianMaster"]
[Black "Hossa"]
[Result "1-0"]
[WhiteElo "2619"]
[BlackElo "2466"]
[PlyCount "85"]
[EventDate "2000.??.??"]

1. e4 e6 2. d4 d5 3. Nc3 Bb4 4. e5 Ne7 5. a3 Bxc3+ 6. bxc3 b6 7. Qg4 Ng6 8. h4
O-O 9. Bg5 f6 10. exf6 gxf6 11. Bh6 f5 12. Qg3 f4 13. Qh2 Rf7 14. Nf3 c5 15. h5
Nh8 16. Ne5 cxd4 17. Nxf7 Qc7 18. c4 Nxf7 19. Bxf4 e5 20. Qg3+ Kf8 21. Bd2 Nd7
22. cxd5 Qxc2 23. Bd3 Qb3 24. h6 Qxd5 25. Qg7+ Ke8 26. Bxh7 Nf8 27. Bg8 Qe4+
28. Kf1 Qd3+ 29. Kg1 Qg6 30. Bxf7+ Qxf7 31. Qxe5+ Qe6 32. Qh5+ Qf7 33. Re1+ Be6
34. h7 Qxh5 35. Rxh5 Nxh7 36. Rxh7 Kf8 37. Rxe6 Kg8 38. Ree7 Rc8 39. Reg7+ Kf8
40. Bh6 Rc1+ 41. Kh2 Rh1+ 42. Kxh1 d3 43. Rh8# {Hossa checkmated} 1-0

[Event "ICS rated blitz match"]
[Site "204.178.125.65"]
[Date "2000.10.04"]
[Round "?"]
[White "Athlon900"]
[Black "Hossa"]
[Result "1-0"]
[WhiteElo "2503"]
[BlackElo "2579"]
[PlyCount "119"]
[EventDate "2000.??.??"]

1. e4 e5 2. Nf3 Nc6 3. d4 exd4 4. Nxd4 Bc5 5. Be3 Qf6 6. c3 Nge7 7. Qf3 Nxd4 8.
Qxf6 Nc2+ 9. Kd2 gxf6 10. Kxc2 Bxe3 11. fxe3 d6 12. Nd2 Rg8 13. g3 Ng6 14. Bb5+
Ke7 15. Raf1 Ne5 16. Rf2 Be6 17. Kb1 Ng4 18. Re2 c6 19. Bd3 Ne5 20. Bc2 Bh3 21.
Rhe1 Rge8 22. Rf2 a6 23. b3 Ke6 24. Rf4 h5 25. Rh1 b5 26. Rh4 Bg2 27. Re1 Nf3
28. Nxf3 Bxf3 29. Rf1 Bg2 30. Rf2 Bh1 31. Rhf4 Ke7 32. Rxf6 Rf8 33. R6f5 Rac8
34. Rxh5 Rce8 35. Rh7 Ke6 36. Kb2 Re7 37. Rg7 a5 38. h4 Ree8 39. h5 Rh8 40. Rh2
Bf3 41. h6 b4 42. Bd3 Ra8 43. Rf2 bxc3+ 44. Kxc3 Bd1 45. Rfxf7 Rxh6 46. Re7+
Kf6 47. e5+ dxe5 48. Rgf7+ Kg5 49. Rf1 Bh5 50. Rxe5+ Kg4 51. Be2+ Kxg3 52. Bxh5
Kg2 53. Rf4 Rd6 54. Rg5+ Kh3 55. Rf1 Rd2 56. Kxd2 Kh2 57. Bf3 Rd8+ 58. Kc3 Rd1
59. Rxd1 Kh3 60. Rh1# {Hossa checkmated} 1-0

[Event "ICS rated blitz match"]
[Site "204.178.125.65"]
[Date "2000.10.04"]
[Round "?"]
[White "Valg"]
[Black "Hossa"]
[Result "1-0"]
[WhiteElo "2477"]
[BlackElo "2560"]
[PlyCount "139"]
[EventDate "2000.??.??"]

1. e4 e5 2. Nf3 Nc6 3. Bc4 Nf6 4. Ng5 d5 5. exd5 Nd4 6. c3 b5 7. cxd4 bxc4 8.
dxe5 Nxd5 9. Qa4+ Bd7 10. Qxc4 c6 11. Ne4 Be7 12. O-O Nb6 13. Qd4 O-O 14. d3
Bf5 15. Nd6 Bxd6 16. exd6 Nd5 17. Bf4 Qb6 18. Be3 Qxd4 19. Bxd4 Nf4 20. Nc3
Nxd3 21. b4 Nxb4 22. Rad1 Rfd8 23. Bc5 Nd3 24. Ba3 Rab8 25. f4 Nb4 26. Rf2 Nd3
27. Rf3 Nb4 28. Bxb4 Rxb4 29. a3 Rb3 30. Ne4 Rxf3 31. gxf3 Kf8 32. Nc5 h5 33.
Kf2 h4 34. a4 Bc2 35. Rd4 Bf5 36. a5 Ke8 37. Rd2 f6 38. a6 Kf7 39. Rd4 g6 40.
Nb7 Rd7 41. Ke3 Bh3 42. Nc5 Rd8 43. Rb4 Rxd6 44. Rb7+ Kf8 45. Rxa7 Rd1 46. Rc7
Re1+ 47. Kd4 Rd1+ 48. Kc4 Rc1+ 49. Kb4 Rb1+ 50. Nb3 Rb2 51. a7 Ra2 52. Na5 c5+
53. Rxc5 Rb2+ 54. Kc3 Re2 55. a8=Q+ Re8 56. Qb7 Re3+ 57. Kd4 Re7 58. Rc7 Rxc7
59. Qxc7 Bg2 60. Nc6 Bxf3 61. Qe7+ Kg8 62. Qxf6 Bxc6 63. Qxg6+ Kh8 64. Qxc6 Kg7
65. f5 Kf7 66. Qe6+ Kg7 67. Qg6+ Kf8 68. f6 h3 69. Qg7+ Ke8 70. Qe7# {
Hossa checkmated} 1-0

[Event "ICS rated standard match"]
[Site "204.178.125.65"]
[Date "2000.10.04"]
[Round "?"]
[White "Hossa"]
[Black "BrazilianMaster"]
[Result "1-0"]
[WhiteElo "2457"]
[BlackElo "2647"]
[PlyCount "93"]
[EventDate "2000.??.??"]

1. e4 e5 2. Nc3 Bc5 3. Nf3 Nc6 4. Nxe5 Nxe5 5. d4 Bd6 6. dxe5 Bxe5 7. Bd3 Qh4
8. Nd5 Nf6 9. Bf4 Bxf4 10. g3 Qg5 11. gxf4 Qg2 12. Nxf6+ gxf6 13. Rf1 Qxh2 14.
Qd2 d5 15. O-O-O Bg4 16. Rh1 Qg2 17. Rdg1 Qf3 18. Re1 Be6 19. f5 O-O-O 20. fxe6
fxe6 21. exd5 Qxd5 22. Qe3 Qxa2 23. Qxe6+ Qxe6 24. Rxe6 h5 25. Rxf6 Rd4 26. Rf7
a5 27. Bh7 Rd5 28. f4 b5 29. f5 a4 30. Rxh5 b4 31. Rh1 Rd7 32. Rxd7 Kxd7 33.
Kb1 c5 34. f6 Rf8 35. Rf1 c4 36. Rf4 a3 37. bxa3 bxa3 38. f7 Ke6 39. Ka2 c3 40.
Rf5 Rxf7 41. Rxf7 Kxf7 42. Kxa3 Ke7 43. Kb4 Kd6 44. Kxc3 Kd5 45. Kb4 Kd6 46.
Kb5 Ke6 47. c4 {BrazilianMaster resigns} 1-0

[Event "ICS rated standard match"]
[Site "204.178.125.65"]
[Date "2000.10.04"]
[Round "?"]
[White "BrazilianMaster"]
[Black "Hossa"]
[Result "1-0"]
[WhiteElo "2623"]
[BlackElo "2481"]
[PlyCount "89"]
[EventDate "2000.??.??"]

1. d4 d5 2. c4 e6 3. Nf3 Nf6 4. Nc3 Be7 5. Bg5 O-O 6. e3 Nbd7 7. Rc1 h6 8. Bh4
c6 9. Bd3 dxc4 10. Bxc4 c5 11. O-O cxd4 12. exd4 Nb6 13. Bb3 Ng4 14. Bxe7 Qxe7
15. Qe2 Rd8 16. d5 Nf6 17. dxe6 Bxe6 18. Rfe1 Nbd5 19. Nd4 Nf4 20. Qe3 Qd7 21.
Nxe6 Nxe6 22. Rcd1 Qc6 23. Rxd8+ Nxd8 24. Qe5 Qd7 25. Rd1 Qe8 26. Qc7 Kf8 27.
Nb5 Qe7 28. Qxe7+ Kxe7 29. Re1+ Kd7 30. f4 g6 31. Rd1+ Ke7 32. f5 a6 33. Nd6 b6
34. fxg6 fxg6 35. Nc4 Rb8 36. Ne5 Ne8 37. Rd7+ Kf6 38. Ng4+ Kf5 39. Nxh6+ Kf6
40. Ng4+ Kg5 41. Rd5+ Kf4 42. g3+ Kf3 43. Re5 Kxg4 44. Kg2 Ne6 45. Bxe6# {
Hossa checkmated} 1-0

[Event "ICS rated blitz match"]
[Site "204.178.125.65"]
[Date "2000.10.04"]
[Round "?"]
[White "Hossa"]
[Black "Blacchrist"]
[Result "1-0"]
[WhiteElo "2540"]
[BlackElo "2117"]
[PlyCount "85"]
[EventDate "2000.??.??"]

1. e4 e5 2. Nc3 Bc5 3. Nf3 d6 4. d4 exd4 5. Nxd4 Nf6 6. Bg5 Nbd7 7. Nb3 Bb4 8.
Qd4 a5 9. a3 Bxc3+ 10. Qxc3 O-O 11. Nxa5 Re8 12. Be2 Nxe4 13. Bxd8 Nxc3 14.
Bxc7 Nxe2 15. Kd1 Nd4 16. Nc4 d5 17. Nd6 Re6 18. c3 Nc6 19. c4 dxc4 20. Nxc4
Nce5 21. Nd6 Ng4 22. Rf1 Ndf6 23. Rc1 Bd7 24. h3 Nh6 25. Nxb7 Bc6 26. Nc5 Re7
27. Bf4 Nf5 28. Rg1 Ne4 29. Nxe4 Bxe4 30. f3 Rd8+ 31. Ke2 Bd3+ 32. Kd2 Be4+ 33.
Kc3 Rc7+ 34. Bxc7 Rc8 35. Kd2 Bb7 36. Bb6 Rd8+ 37. Bxd8 Nd4 38. Rge1 Nb3+ 39.
Kc3 g6 40. Bf6 Bc6 41. Rcd1 h5 42. Rd8+ Kh7 43. Rh8# {Blacchrist checkmated}
1-0